000 00654nam a2200217Ia 4500
003 IN-BaIIA
008 211028s9999 xx 000 0 eng d
020 _a90-277-0895-9
040 _cIIA Library
080 _a082.2:52
_bIAU-S79
245 4 _aThe large scale structure of the universe
_cedited by M.S. Longair and J. Einasto.
260 _aDordrecht
_bD. Reidel Publishing
_c1978
300 _axx, 464p.
650 _aAstronomy and Astrophysics Thesaurus
650 _aCosmology
650 _aLarge scale s tructure
_910760
650 _aUniverse
_91987
700 _aEinasto, J., ed.
_910761
700 _aLongair, M. S., ed.
_98430
942 _cBK
999 _c6263
_d6263